书目信息 |
| 题名: |
贝宁
|
|
| 作者: | 张宏明 编著 | |
| 分册: | ||
| 出版信息: | 北京 社会科学文献出版社 2004 |
|
| 页数: | 18,388页 | |
| 开本: | 21cm | |
| 丛书名: | 列国志 | |
| 单 册: | ||
| 中图分类: | K443 | |
| 科图分类: | ||
| 主题词: | 非洲--历史 | |
| 电子资源: | ||
| ISBN: | 7-80149-940-9 | |
| 000 | 01190nam0 2200361 450 | |
| 000 | 01153nam0 2200349 450 | |
| 000 | 01129nam0 2200349 450 | |
| 000 | 01075nam0 2200325 450 | |
| 000 | 01093nam0 2200313 450 | |
| 000 | 01056nam0 2200301 45 | |
| 001 | TS2006009965 | |
| 005 | 20070111170445.62 | |
| 010 | @a7-80149-940-9@dCNY30.00 | |
| 100 | @a20060829d2004 em y0chiy0110 ea | |
| 101 | 0 | @achi |
| 102 | @aCN@b110000 | |
| 105 | @aab z 000yy | |
| 200 | 1 | @a贝宁@ABei Ning@f张宏明编著@FZhang Hong Ming Bian Zhu |
| 210 | @a北京@c社会科学文献出版社@d2004 | |
| 215 | @a18,388页@c地图,照片@d21cm | |
| 225 | 2 | @a列国志 |
| 300 | @a中国社会科学院重大课题 国家“十五”重点出版项目 | |
| 330 | @a本书对非洲西部国家贝宁的地理,历史,政治,经济特点,军事,科教文卫,对外关系,以及贝宁历史上的知名人物进行介绍。 | |
| 410 | 0 | @12001 @a列国志 |
| 510 | 1 | @aBenin@zeng |
| 606 | 0 | @a非洲@x历史 |
| 607 | @a贝宁@x概况 | |
| 690 | @aK443@v4 | |
| 701 | 0 | @a张宏明@AZhang Hong Ming@f(1959~)@4编著 |
| 801 | 0 | @aCN@b中图数据@c20070111 |
| 905 | @a10447@dK443@e18 | |
| 贝宁/张宏明编著.-北京:社会科学文献出版社,2004 |
| 18,388页:地图,照片;21cm.-(列国志) |
| 中国社会科学院重大课题 国家“十五”重点出版项目 |
| ISBN 7-80149-940-9:CNY30.00 |
| 本书对非洲西部国家贝宁的地理,历史,政治,经济特点,军事,科教文卫,对外关系,以及贝宁历史上的知名人物进行介绍。 |
| ● |
| 相关链接 |
|
|
|
|
正题名:贝宁
索取号:K443/18
 
预约/预借
| 序号 | 登录号 | 条形码 | 馆藏地/架位号 | 状态 | 备注 |
| 1 | 0617448 | 206174487 | 第二样本阅览室/ [索取号:K443/18] | 在馆 | |
| 2 | 0617449 | 206174496 | 第二借阅区/ [索取号:K443/18] | 在馆 | |
| 3 | 0617450 | 206174502 | 第二借阅区/ [索取号:K443/18] | 在馆 | |
| 4 | 0617451 | 206174511 | 第二借阅区/ [索取号:K443/18] | 在馆 | |
| 5 | 0617452 | 206174520 | 第二借阅区/ [索取号:K443/18] | 在馆 |